| 000 | 00535nam a2200193Ia 4500 | ||
|---|---|---|---|
| 005 | 20250923145434.0 | ||
| 008 | 008 250917s9999 xx 000 0 eng d | ||
| 037 | _aTextual | ||
| 040 |
_aDSWL _beng _cDSWL |
||
| 041 |
_aeng _2eng |
||
| 084 |
_aYX,Z1;6J1x, N77 _qDSWL |
||
| 245 | 0 |
_aCare of children in day centers _c by W.H.O |
|
| 260 |
_aGeneva _bWorld Health Org. _c1964 |
||
| 300 | _a189 p. | ||
| 365 |
_aINR _b15.75 |
||
| 925 | _g15.75 | ||
| 942 |
_cTEXL _hYX,Z1;6J1x, N77 |
||
| 999 |
_c1451370 _d1451370 |
||